000 00322cam a2200133ua 4500
003 OSt
008 251121b |||||||| |||| 00| 0 eng d
041 _aeng
082 _a630.01
_bDIA/GU
245 _aGuide to safety in agriculture /
260 _aIndia :
_bDialogue publications ,
_c1985.
300 _a247 ; .
942 _cBK
999 _c388
_d388